Veinte años de luchas y articulación campesina indígena continental y global/
Guardat en:
| Autor principal: | |
|---|---|
| Altres autors: | |
| Format: | Llibre |
| Idioma: | Spanish |
| Etiquetes: |
Afegir etiqueta
Sense etiquetes, Sigues el primer a etiquetar aquest registre!
|
MARC
| LEADER | 00000nam a22000007a 4500 | ||
|---|---|---|---|
| 003 | cru CIDCACS/IIS | ||
| 005 | 20180228142415.0 | ||
| 007 | ta | ||
| 008 | 180228s2014 uy |||p|r||||||0| ||spa|d | ||
| 999 | |c 41075 |d 41075 | ||
| 040 | |c cru CIDCACS/IIS | ||
| 100 | 1 | |9 6706 |a Montón, Diego | |
| 245 | 1 | |a Veinte años de luchas y articulación campesina indígena continental y global/ |c Diego Montón, Deo Carrizo | |
| 300 | |a páginas 7-9 | ||
| 700 | 1 | |9 6707 |a Carrizo, Deo | |
| 773 | 0 | |0 41050 |9 1828 |a Red de Ecología Social (Uruguay) |d Uruguay: REDES-AT; GRAIN |o 17960 |t Biodiversidad: |x 07977888X | |
| 942 | |2 ddc |c PP | ||
